| 000 | nam a22 7a 4500 | ||
|---|---|---|---|
| 999 |
_c29729 _d29729 |
||
| 008 | 180524b xxu||||| |||| 00| 0 eng d | ||
| 050 | _aDT 365 .O45 1967 | ||
| 100 | _aOliver, Roland. | ||
| 245 |
_aHistory of East Africa : _bthe early period / _cRoland Oliver and Gervase Mathew. |
||
| 260 |
_aNairobi : _bOxford university press , _c1967. |
||
| 300 |
_ax, 210p. : _bill. ; _c19cm. |
||
| 500 | _aInclude index. | ||
| 650 | _aEast Africa. | ||
| 700 | _a | ||
| 942 |
_2lcc _cBOOKS _hDT 365 .O45 1967 |
||